| 000 | 00626nam a2200229 a 4500 | ||
|---|---|---|---|
| 001 | 72418 | ||
| 003 | BD-RjUL | ||
| 005 | 20211209082247.0 | ||
| 008 | 170517s1985 i a|||| |||| 001 0 eng d | ||
| 035 | _a(BD-RjUL)72636 | ||
| 040 |
_aBD-RjUL _beng _cBD-RjUL _dBD-RjUL |
||
| 041 | _aeng | ||
| 082 |
_223 _a539.7 _bTAN 1985 |
||
| 100 |
_aTayal, D C _9169137 |
||
| 245 |
_aNuclear Physics / _cD C Tayal |
||
| 250 | _a4th rev. & enl. ed. | ||
| 260 |
_aNew Delhi : _bHimalaya Pub. House, _c1985. |
||
| 300 |
_aviii, 679 p. : _bill. ; _c22 cm. |
||
| 500 | _aIncludes Index. | ||
| 650 |
_aNuclear physics _9214172 |
||
| 942 |
_2ddc _cBK |
||
| 999 |
_c72418 _d72418 |
||